Computer Engineering and Intelligent System (Record no. 44061)

MARC details
000 -LEADER
fixed length control field 00367nam a2200145Ia 4500
022 ## - INTERNATIONAL STANDARD SERIAL NUMBER
ISSN 2222-1719
050 ## - CALL MARK
Classification number QA76 .C66/
245 #0 - TITLE STATEMENT
Title Computer Engineering and Intelligent System
250 ## - EDITION / VOLUME STATEMENT
Edition / Volume statement Vol. 15, No. 1
260 ## - PUBLICATION, DISTRIBUTION, ETC. (IMPRINT)
Year of publication 2024
Name of publisher IISTE
300 ## - PHYSICAL DESCRIPTION
Number of Pages 116 p. :ill. ; 30 cm.
650 ## - SUBJECT ADDED ENTRY--TOPICAL TERM
Topical Term Computer science---Engineering
942 ## - ADDED ENTRY ELEMENTS (KOHA)
Koha item type Serials
Source of classification Library of Congress Classification

No items available.